[Event "EU-ch Blitz"]
[Site "Zagreb"]
[Date "2023.12.16"]
[Round "3"]
[White "Jovanovic, Zoran"]
[Black "Aizenberg, Benny"]
[Result "0-1"]
[WhiteElo "2515"]
[BlackElo "2395"]
[PlyCount "142"]
[EventDate "2023.12.16"]
[EventType "swiss (blitz)"]
[EventRounds "13"]
[EventCountry "CRO"]
[SourceTitle "CB51_2023"]
[SourceDate "2023.12.20"]
[SourceVersion "1"]
[SourceVersionDate "2023.12.20"]
[SourceQuality "1"]

1. e4 c5 2. Nc3 Nc6 3. Nf3 g6 4. Bb5 Bg7 5. 0-0 e5 6. a3 Nge7 7. b4 b6 8. bxc5 bxc5 9. d3 0-0 10. Bg5 h6 11. Bxc6 dxc6 12. Be3 Qa5 13. Qd2 Kh7 14. Ne2 Qc7 15. Bxc5 Bg4 16. Ne1 Rfd8 17. h3 Be6 18. Nf3 f5 19. Qc3 f4 20. Nh2 g5 21. f3 Ng6 22. Rad1 Rd7 23. d4 Rad8 24. Rd3 exd4 25. Nxd4 Bf7 26. Rfd1 Qb7 27. Ng4 h5 28. Nf2 Ne5 29. R3d2 Nc4 30. Rd3 Ne3 31. Rxe3 fxe3 32. Qxe3 Qb2 33. c3 Bh6 34. Re1 g4 35. f4 g3 36. Qxg3 Rg8 37. Qf3 Qd2 38. Re3 Qc1+ 39. Kh2 h4 40. Ng4 Rg6 41. Nxh6 Rg3 42. Nxf7 Rxf3 43. Ng5+ Kg6 44. Rxf3 Rb7 45. Ne2 Qe1 46. Ng1 Rb2 47. f5+ Kxg5 48. f6 Qd2 49. Rf2 Qxf2 50. Bxf2 Rxf2 51. e5 Kf5 52. Nf3 Ke6 53. Nxh4 Kxe5 54. Nf3+ Kxf6 55. Nd4 c5 56. Nb5 a6 57. Nc7 Rc2 58. h4 c4 59. a4 a5 60. Nb5 Ra2 61. Kh3 Rxa4 62. g4 Ra1 63. g5+ Kf5 64. Nd4+ Kf4 65. g6 Rh1+ 66. Kg2 Rxh4 67. g7 Rg4+ 68. Kf2 Ke5 69. Nc6+ Kd5 70. Nxa5 Rxg7 71. Ke3 Ra7 0-1

[Event "EU-ch Rapid"]
[Site "Zagreb"]
[Date "2023.12.15"]
[Round "8"]
[White "Aizenberg, Benny"]
[Black "Sebenik, Matej"]
[Result "1-0"]
[WhiteElo "2395"]
[BlackElo "2534"]
[PlyCount "57"]
[EventDate "2023.12.14"]
[EventType "swiss (rapid)"]
[EventRounds "11"]
[EventCountry "CRO"]
[SourceTitle "CB51_2023"]
[SourceDate "2023.12.20"]
[SourceVersion "1"]
[SourceVersionDate "2023.12.20"]
[SourceQuality "1"]

1. e4 c5 2. Nf3 Nc6 3. Bb5 g6 4. 0-0 Bg7 5. c3 Nf6 6. Re1 0-0 7. d4 d5 8. e5 Ne4 9. Bxc6 bxc6 10. Be3 Rb8 11. Qc1 c4 12. Nbd2 Nxd2 13. Nxd2 Bf5 14. b3 Bd3 15. Qa3 Qd7 16. bxc4 dxc4 17. Qa4 Qe6 18. Qxa7 Rb2 19. a4 Rfb8 20. a5 Bf8 21. a6 R2b5 22. Ra5 Qc8 23. Rxb5 cxb5 24. Ra1 e6 25. Nf3 h6 26. d5 exd5 27. e6 fxe6 28. Ne5 Bg7 29. Bd4 1-0

[Event "Titled Tuesday intern op 12th Sep Early"]
[Site "Chess.com INT"]
[Date "2023.09.12"]
[Round "4"]
[White "Aizenberg, Benny"]
[Black "Zampronha, Wladimir Camilo"]
[Result "1-0"]
[WhiteElo "2394"]
[BlackElo "2170"]
[PlyCount "119"]
[EventDate "2023.09.12"]
[EventType "swiss (blitz)"]
[EventRounds "11"]
[EventCountry "USA"]
[SourceTitle "EXT 2024"]
[Source "ChessBase"]
[SourceDate "2023.10.10"]
[SourceVersion "1"]
[SourceVersionDate "2023.10.10"]
[SourceQuality "1"]

1. g4 c5 2. g5 Nc6 3. h4 d5 4. Bg2 Bf5 5. d3 Qd7 6. Nc3 d4 7. Ne4 e6 8. Ng3 h6 9. Nxf5 exf5 10. Bf4 hxg5 11. hxg5 Rxh1 12. Bxh1 Bd6 13. Qd2 0-0-0 14. 0-0-0 Nge7 15. Nf3 Nd5 16. Bxd6 Qxd6 17. Bg2 Rh8 18. Rh1 Rxh1+ 19. Bxh1 Qf4 20. Qxf4 Nxf4 21. Kd2 Nh3 22. Ke1 Kc7 23. Bg2 Nf4 24. Bf1 Kd6 25. e3 Ne6 26. c3 dxc3 27. bxc3 Ne5 28. Nxe5 Kxe5 29. f4+ Kd6 30. Kd2 b5 31. d4 a6 32. Bd3 g6 33. Bc2 a5 34. Kd3 c4+ 35. Kd2 Nc7 36. Bd1 Nd5 37. a3 Nc7 38. Be2 a4 39. Bf3 Nd5 40. Bg2 Nc7 41. Bb7 Nd5 42. Ba6 Nc7 43. Bc8 Nd5 44. Bb7 Nc7 45. Bf3 Nd5 46. Bh1 Nc7 47. Bg2 Nd5 48. Bf3 Nc7 49. Bd1 Nd5 50. Bc2 Nc7 51. e4 fxe4 52. Bxe4 Nd5 53. f5 gxf5 54. Bxf5 Ne7 55. Bg4 Nc6 56. Bh5 Nd8 57. Ke3 Ne6 58. Bxf7 Nxg5 59. Be8 b4 60. cxb4 1-0

[Event "Titled Tuesday intern op 05th Sep Early"]
[Site "Chess.com INT"]
[Date "2023.09.05"]
[Round "8"]
[White "Aizenberg, Benny"]
[Black "Ismayil, Malak"]
[Result "0-1"]
[WhiteElo "2394"]
[BlackElo "2148"]
[PlyCount "178"]
[EventDate "2023.09.05"]
[EventType "swiss (blitz)"]
[EventRounds "11"]
[EventCountry "USA"]
[SourceTitle "EXT 2024"]
[Source "ChessBase"]
[SourceDate "2023.10.10"]
[SourceVersion "1"]
[SourceVersionDate "2023.10.10"]
[SourceQuality "1"]

1. g4 e5 2. g5 d5 3. h4 Nc6 4. d3 h6 5. Bg2 Be7 6. Nf3 Bg4 7. Nc3 Qd7 8. h5 0-0-0 9. g6 fxg6 10. hxg6 Nf6 11. Nh2 Bf5 12. Rg1 Kb8 13. Nxd5 Nxd5 14. e3 Nf6 15. e4 Be6 16. Be3 Bb4+ 17. c3 Ba5 18. Ke2 Bb6 19. Qc2 Bxe3 20. fxe3 Rhf8 21. Raf1 Ne7 22. b3 Nxg6 23. d4 Nh4 24. Bh1 exd4 25. exd4 g5 26. e5 Nd5 27. Kd2 Nf4 28. Kc1 Bd5 29. Kb2 Bxh1 30. Rxh1 Nf5 31. Ng4 h5 32. Nf6 Rxf6 33. exf6 Ne3 34. Qe4 Nxf1 35. Rxf1 Rf8 36. Qe5 Ne6 37. Qf5 b6 38. d5 Nc5 39. Qxg5 Qh3 40. Rf5 Qh2+ 41. Ka3 Qd6 42. Qe3 Nd7+ 43. b4 Rxf6 44. Rxh5 Rf8 45. Rh7 Nf6 46. Rh6 Nxd5 47. Rxd6 Nxe3 48. Re6 Nc4+ 49. Kb3 Nd6 50. Re5 Rf3 51. Rd5 Kb7 52. Rd4 b5 53. a4 a6 54. axb5 axb5 55. Rd5 Kb6 56. Rc5 Nc4 57. Kc2 Rf2+ 58. Kd3 Rd2+ 59. Ke4 Rd1 60. Rh5 Nd6+ 61. Ke3 Rc1 62. Kd2 Rg1 63. Kc2 Kc6 64. Kd3 Rg3+ 65. Kc2 Kb6 66. Rh4 Nc4 67. Rh5 c6 68. Rh4 Ne3+ 69. Kd2 Nd5 70. c4 Nxb4 71. cxb5 Kxb5 72. Rh5+ c5 73. Rh4 Rd3+ 74. Ke2 Rd4 75. Rh8 Kc4 76. Ke3 Nd5+ 77. Ke2 Nc3+ 78. Ke3 Rd3+ 79. Kf2 Nd5 80. Ke2 Rd4 81. Ke1 Kc3 82. Rh3+ Rd3 83. Rh5 c4 84. Rh8 Nb4 85. Rc8 Kb3 86. Ke2 Rd6 87. Ke1 c3 88. Ke2 c2 89. Ke3 Rc6 0-1

[Event "Titled Tuesday intern op 05th Sep Early"]
[Site "Chess.com INT"]
[Date "2023.09.05"]
[Round "4"]
[White "Lach, Aleksandra"]
[Black "Aizenberg, Benny"]
[Result "0-1"]
[WhiteElo "2238"]
[BlackElo "2394"]
[PlyCount "112"]
[EventDate "2023.09.05"]
[EventType "swiss (blitz)"]
[EventRounds "11"]
[EventCountry "USA"]
[SourceTitle "EXT 2024"]
[Source "ChessBase"]
[SourceDate "2023.10.10"]
[SourceVersion "1"]
[SourceVersionDate "2023.10.10"]
[SourceQuality "1"]

1. Nf3 Nf6 2. g3 c5 3. Bg2 Nc6 4. 0-0 g6 5. c4 Bg7 6. Nc3 0-0 7. e3 e5 8. d4 cxd4 9. exd4 e4 10. Ne5 Re8 11. f4 exf3 12. Nxf3 d5 13. c5 Ne4 14. Ne2 Bg4 15. h3 Bxf3 16. Rxf3 Ng5 17. Rd3 Qe7 18. Bxg5 Qxg5 19. Nf4 Rad8 20. Qa4 Re4 21. Rad1 h5 22. h4 Qg4 23. Bh3 Rxf4 24. Bxg4 Rxg4 25. Qc2 Nxd4 26. Qf2 Nf5 27. Kh2 d4 28. b4 Be5 29. Kh3 Bxg3 30. Qxf5 gxf5 31. Rxg3 Kg7 32. Rf3 Kf6 33. b5 Rd5 34. c6 Rxb5 35. c7 Rc5 36. Rdf1 Rxc7 37. Rxf5+ Kg6 38. Rd5 f6 39. Rd1 Rc3+ 40. Kh2 Rxh4+ 41. Kg2 Rg4+ 42. Kf2 Rc2+ 43. Kf3 Rxa2 44. Rd7 Ra3+ 45. Kf2 Rb3 46. Rd8 a5 47. Rg8+ Kf5 48. Ra8 b6 49. Rh8 h4 50. Rh5+ Ke4 51. Re1+ Kf4 52. Rh6 Rb2+ 53. Kf1 f5 54. Rd6 Kg3 55. Rd1 Kh2 56. Rh6 Rg1# 0-1

[Event "Titled Tuesday intern op 29th Aug Early"]
[Site "Chess.com INT"]
[Date "2023.08.29"]
[Round "8"]
[White "Aizenberg, Benny"]
[Black "Dubnevych, Maksym"]
[Result "1-0"]
[WhiteElo "2400"]
[BlackElo "2391"]
[PlyCount "203"]
[EventDate "2023.08.29"]
[EventType "swiss (blitz)"]
[EventRounds "11"]
[EventCountry "USA"]
[SourceTitle "EXT 2024"]
[Source "ChessBase"]
[SourceDate "2023.10.10"]
[SourceVersion "1"]
[SourceVersionDate "2023.10.10"]
[SourceQuality "1"]

1. Nc3 Nf6 2. d4 d5 3. Bf4 c5 4. e3 cxd4 5. exd4 a6 6. Bd3 Nc6 7. Nge2 Bg4 8. f3 Bh5 9. h4 Bg6 10. g4 Bxd3 11. Qxd3 e6 12. Ng3 Bd6 13. Bxd6 Qxd6 14. Kf2 0-0-0 15. a3 Qf4 16. Nce2 Nxg4+ 17. Ke1 Qc7 18. fxg4 e5 19. dxe5 Nxe5 20. Qc3 Qxc3+ 21. Nxc3 d4 22. Nce2 Nxg4 23. Kd2 g6 24. Raf1 f5 25. Rf4 Ne5 26. h5 d3 27. cxd3 Rxd3+ 28. Kc2 Kb8 29. hxg6 Rc8+ 30. Kb1 hxg6 31. Re1 Nc4 32. Nf1 Rb3 33. Ka1 Nxb2 34. Nd4 Rb6 35. Rb1 Nc4 36. Rxb6 Nxb6 37. Rf3 Nc4 38. Ne2 Rd8 39. Nf4 Rd6 40. Ka2 g5 41. Nh5 f4 42. Kb3 Ne5 43. Rc3 Rd1 44. Nh2 Rh1 45. Rc2 f3 46. Ng3 Rg1 47. Ne4 g4 48. Ng5 Rg2 49. Kc3 g3 50. Nhxf3 Rxc2+ 51. Kxc2 Nc4 52. Kb3 Ne3 53. Nh3 Ng4 54. Nhg1 g2 55. a4 Ne3 56. a5 Kc7 57. Kb4 Kc6 58. Nd4+ Kd5 59. Nde2 Nc2+ 60. Kc3 Ne1 61. Kd2 Kc4 62. Kxe1 Kb5 63. Kf2 Kxa5 64. Kxg2 Kb4 65. Kf3 a5 66. Ke3 a4 67. Kd2 a3 68. Kc2 a2 69. Kb2 b5 70. Kxa2 Kc4 71. Nc1 b4 72. Nb3 Kd5 73. Ne2 Ke6 74. Kb2 Kf7 75. Kc2 Kg8 76. Kd3 Kf8 77. Ke4 Kg8 78. Ke5 Kf8 79. Ke6 Ke8 80. Nf4 Kd8 81. Nd5 Kc8 82. Ke7 Kb7 83. Kd7 Ka6 84. Kc6 Ka7 85. Nb6 Kb8 86. Nd5 Kc8 87. Nc7 Kd8 88. Kd6 Kc8 89. Ne6 Kb7 90. Kc5 Kc8 91. Kc6 Kb8 92. Nec5 Kc8 93. Nb7 Kb8 94. Nd6 Ka7 95. Kb5 Kb8 96. Kb6 Ka8 97. Nb5 Kb8 98. Nd6 Ka8 99. Kc7 Ka7 100. Nc5 b3 101. Nb5+ Ka8 102. Nd7 1-0

[Event "Titled Tuesday intern op 29th Aug Early"]
[Site "Chess.com INT"]
[Date "2023.08.29"]
[Round "3"]
[White "Samadov, Read"]
[Black "Aizenberg, Benny"]
[Result "0-1"]
[WhiteElo "2492"]
[BlackElo "2400"]
[PlyCount "112"]
[EventDate "2023.08.29"]
[EventType "swiss (blitz)"]
[EventRounds "11"]
[EventCountry "USA"]
[SourceTitle "EXT 2024"]
[Source "ChessBase"]
[SourceDate "2023.10.10"]
[SourceVersion "1"]
[SourceVersionDate "2023.10.10"]
[SourceQuality "1"]

1. d4 Nf6 2. c4 e6 3. Nf3 c5 4. d5 exd5 5. cxd5 d6 6. Nc3 g6 7. e4 Bg7 8. Be2 0-0 9. Be3 Re8 10. Nd2 a6 11. a4 Nbd7 12. 0-0 Rb8 13. Qc2 Ne5 14. h3 Nh5 15. Bxh5 gxh5 16. f4 Ng6 17. Nc4 b5 18. axb5 axb5 19. Na5 Bd7 20. f5 Ne5 21. Ne2 Ra8 22. Nb3 Rxa1 23. Rxa1 Nc4 24. Bf4 Bxb2 25. Rf1 Be5 26. Nd2 Bxf4 27. Nxc4 Be5 28. Nxe5 Rxe5 29. Nf4 Qg5 30. Rf3 h4 31. Kh2 b4 32. Qc4 Qe7 33. Nh5 Qg5 34. Qa6 Qh6 35. Rf4 Kf8 36. f6 Rxh5 37. Qxd6+ Kg8 38. Rf1 Bc8 39. Qxc5 Qf8 40. Qc4 h6 41. Kh1 Bd7 42. Rb1 Qd6 43. Qd4 Rg5 44. Rxb4 Qg3 45. Rb2 Bxh3 46. Qd2 Bg4 47. d6 h3 48. d7 hxg2+ 49. Kg1 Bxd7 50. Rb7 Be6 51. e5 Qxe5 52. Qd8+ Kh7 53. Qd3+ Qf5 54. Qe2 Qf1+ 55. Qxf1 gxf1Q+ 56. Kxf1 Rf5+ 0-1

[Event "Abu Dhabi op 29th"]
[Site "Abu Dhabi"]
[Date "2023.08.24"]
[Round "9"]
[White "Aizenberg, Benny"]
[Black "Raahul, VS."]
[Result "0-1"]
[WhiteElo "2400"]
[BlackElo "2346"]
[PlyCount "158"]
[EventDate "2023.08.16"]
[EventType "swiss"]
[EventRounds "9"]
[EventCountry "UAE"]
[SourceTitle "EXT 2024"]
[Source "ChessBase"]
[SourceDate "2023.10.10"]
[SourceVersion "1"]
[SourceVersionDate "2023.10.10"]
[SourceQuality "1"]

1. e4 e5 2. Nf3 Nc6 3. Bb5 a6 4. Ba4 f5 5. d3 fxe4 6. dxe4 Nf6 7. 0-0 d6 8. Nc3 Bg4 9. h3 Bh5 10. Qd3 Qd7 11. Bg5 Be7 12. Nd5 b5 13. Bxf6 Bxf6 14. Bb3 Bd8 15. c3 Na5 16. Bd1 Nc4 17. Nd2 Bxd1 18. Nxc4 Bh5 19. Nce3 c6 20. Nb4 0-0 21. c4 Bb6 22. Nf5 Bg6 23. cxb5 axb5 24. Rac1 Bxf5 25. exf5 Qxf5 26. Qxd6 Rf6 27. Qd2 Qe4 28. Kh1 Rd8 29. Qe1 Qxe1 30. Rfxe1 c5 31. Na6 c4 32. Nb4 Bc5 33. Nc2 Rxf2 34. a4 Rdd2 35. Ne3 Rfe2 36. Rxe2 Rxe2 37. Nd5 Rxb2 38. axb5 Rxb5 39. Rxc4 Kf7 40. Nc3 Ra5 41. Ne4 Be7 42. Kg1 Ke6 43. Rc7 Ra2 44. Kf1 h6 45. Rb7 Rc2 46. g4 Rc4 47. Ng3 g6 48. Ne2 Bf8 49. Rb8 Bd6 50. Re8+ Kf6 51. Kf2 e4 52. h4 Kf7 53. Rd8 Be7 54. Rd7 Ke6 55. Rb7 Bxh4+ 56. Ke3 Bg5+ 57. Kf2 Kd5 58. Rb5+ Kd6 59. Rb6+ Rc6 60. Rb5 Kd7 61. Rb7+ Kd6 62. Rb5 Ke7 63. Nd4 Rf6+ 64. Kg3 Kd6 65. Ne2 Be3 66. Nc3 Rf3+ 67. Kg2 Rf4 68. Kg3 g5 69. Ra5 Bc5 70. Nb1 Bb4 71. Ra6+ Kd5 72. Rxh6 Rf1 73. Rg6 Rxb1 74. Rxg5+ Kd4 75. Rg8 Bd6+ 76. Kg2 e3 77. Rd8 e2 78. Rxd6+ Ke5 79. Rd8 e1Q 0-1

[Event "Abu Dhabi op 29th"]
[Site "Abu Dhabi"]
[Date "2023.08.21"]
[Round "6"]
[White "Socko, Bartosz"]
[Black "Aizenberg, Benny"]
[Result "1/2-1/2"]
[WhiteElo "2551"]
[BlackElo "2400"]
[PlyCount "123"]
[EventDate "2023.08.16"]
[EventType "swiss"]
[EventRounds "9"]
[EventCountry "UAE"]
[SourceTitle "EXT 2024"]
[Source "ChessBase"]
[SourceDate "2023.10.10"]
[SourceVersion "1"]
[SourceVersionDate "2023.10.10"]
[SourceQuality "1"]

1. e4 c5 2. Nf3 d6 3. d4 cxd4 4. Nxd4 Nf6 5. f3 e5 6. Nb3 Be6 7. c4 Nbd7 8. Be3 Rc8 9. Nc3 Bxc4 10. Bxc4 Rxc4 11. Qd3 Rc8 12. Bxa7 b6 13. 0-0 Be7 14. a4 0-0 15. a5 bxa5 16. Nxa5 Nc5 17. Bxc5 dxc5 18. Qxd8 Rfxd8 19. Nc4 Rd4 20. b3 Rb8 21. Nxe5 Rxb3 22. Nd5 Bf8 23. Ra8 Nxd5 24. Nd7 g5 25. exd5 Kg7 26. Rxf8 Rb7 27. Rd8 Rd2 28. Kh1 c4 29. Nc5 Rbb2 30. Rg1 c3 31. Ne4 Rd3 32. Rc8 c2 33. Nc3 Rd2 34. d6 Rxd6 35. Ne2 Rd2 36. Nc1 Rb1 37. h4 gxh4 38. Kh2 h3 39. Rc3 hxg2 40. Nb3 Rxg1 41. Kxg1 Re2 42. f4 h5 43. Rg3+ Kh6 44. Rxg2 Re1+ 45. Kh2 c1R 46. Nxc1 Rxc1 47. Ra2 Kg6 48. Ra5 f6 49. Kg3 Rc3+ 50. Kh4 Rc1 51. Kg3 Rb1 52. Rc5 Rg1+ 53. Kf2 Rg4 54. Kf3 Rh4 55. Kg3 Rh1 56. Kg2 Ra1 57. Kg3 Ra3+ 58. Kh4 Rf3 59. Rxh5 Rxf4+ 60. Kg3 Kxh5 61. Kxf4 f5 62. Kxf5 1/2-1/2

[Event "Abu Dhabi op 29th"]
[Site "Abu Dhabi"]
[Date "2023.08.19"]
[Round "4"]
[White "Aizenberg, Benny"]
[Black "Song, Raymond"]
[Result "1/2-1/2"]
[WhiteElo "2400"]
[BlackElo "2512"]
[PlyCount "60"]
[EventDate "2023.08.16"]
[EventType "swiss"]
[EventRounds "9"]
[EventCountry "UAE"]
[SourceTitle "EXT 2024"]
[Source "ChessBase"]
[SourceDate "2023.10.10"]
[SourceVersion "1"]
[SourceVersionDate "2023.10.10"]
[SourceQuality "1"]

1. e4 e5 2. Nf3 Nc6 3. Bb5 Nf6 4. 0-0 Nxe4 5. Re1 Nd6 6. Nxe5 Be7 7. Bf1 Nxe5 8. Rxe5 0-0 9. d4 Bf6 10. Re1 Re8 11. Bf4 Rxe1 12. Qxe1 Ne8 13. c3 d5 14. Bd3 g6 15. Nd2 Ng7 16. Qe2 Bf5 17. Re1 Bxd3 18. Qxd3 Ne6 19. Be5 Bxe5 20. Rxe5 c6 21. Nf3 Qd7 22. g3 Re8 23. h4 f6 24. Re3 Ng7 25. Qe2 Rxe3 26. Qxe3 Nf5 27. Qe2 Kf7 28. Ne1 Qe6 29. Kf1 Nd6 30. Qxe6+ Kxe6 1/2-1/2

[Event "Titled Tuesday intern op 08th Aug Early"]
[Site "Chess.com INT"]
[Date "2023.08.08"]
[Round "2"]
[White "Lazavik, Denis"]
[Black "Aizenberg, Benny"]
[Result "1-0"]
[WhiteElo "2560"]
[BlackElo "2400"]
[PlyCount "89"]
[EventDate "2023.08.08"]
[EventType "swiss (blitz)"]
[EventRounds "11"]
[EventCountry "USA"]
[SourceTitle "EXT 2024"]
[Source "ChessBase"]
[SourceDate "2023.10.10"]
[SourceVersion "1"]
[SourceVersionDate "2023.10.10"]
[SourceQuality "1"]

1. d4 f5 2. c4 Nf6 3. Nf3 g6 4. g3 Bg7 5. Bg2 0-0 6. 0-0 d6 7. Nc3 c6 8. d5 e5 9. dxe6 Bxe6 10. b3 h6 11. Bb2 Na6 12. Qc2 Qe7 13. Rad1 Rad8 14. e3 Rfe8 15. Ne2 Nc5 16. Nf4 Bf7 17. Nh4 Kh7 18. Bh3 Nce4 19. Bxf5 gxf5 20. Nxf5 Qd7 21. Nxd6 Qxd6 22. Rxd6 Rxd6 23. f3 Rd2 24. Qc1 Rxb2 25. Qxb2 Nc5 26. Qc2+ Kg8 27. e4 Nfd7 28. Rd1 Ne5 29. Kg2 Bf8 30. Ne2 Bh5 31. g4 Bg6 32. Ng3 Bg7 33. Nf5 h5 34. h3 hxg4 35. hxg4 Bxf5 36. gxf5 Kf7 37. b4 Ncd7 38. f4 Nf6 39. fxe5 Rxe5 40. Kf3 Bf8 41. c5 a5 42. a3 axb4 43. axb4 Re8 44. Qc4+ Ke7 45. Qe6# 1-0

[Event "Titled Tuesday intern op 08th Aug Early"]
[Site "Chess.com INT"]
[Date "2023.08.08"]
[Round "7"]
[White "Nathan, Nitish"]
[Black "Aizenberg, Benny"]
[Result "1-0"]
[WhiteElo "2220"]
[BlackElo "2400"]
[PlyCount "107"]
[EventDate "2023.08.08"]
[EventType "swiss (blitz)"]
[EventRounds "11"]
[EventCountry "USA"]
[SourceTitle "EXT 2024"]
[Source "ChessBase"]
[SourceDate "2023.10.10"]
[SourceVersion "1"]
[SourceVersionDate "2023.10.10"]
[SourceQuality "1"]

1. d4 f5 2. Bf4 Nf6 3. e3 d6 4. Nf3 g6 5. Be2 Bg7 6. h3 0-0 7. 0-0 Qe8 8. c4 Nbd7 9. Nc3 e5 10. Bh2 c6 11. b4 f4 12. c5 e4 13. Nd2 dxc5 14. bxc5 f3 15. gxf3 exf3 16. Bxf3 Qe6 17. Bg2 Nd5 18. Nxd5 cxd5 19. e4 Bxd4 20. exd5 Qf6 21. Ne4 Qg7 22. Rc1 Ne5 23. c6 bxc6 24. dxc6 Ba6 25. Re1 Nd3 26. Qa4 Nxe1 27. Rxe1 Rae8 28. Qxa6 Bxf2+ 29. Nxf2 Rxe1+ 30. Bf1 Qd4 31. Bg3 Re3 32. Qc4+ Qxc4 33. Bxc4+ Kg7 34. Bd6 Rc8 35. c7 Re1+ 36. Kg2 Rc1 37. Be6 R8xc7 38. Bxc7 Rxc7 39. Bb3 Kf6 40. Kf3 Ke5 41. Ke3 Rc3+ 42. Nd3+ Kf5 43. Kd4 Rc7 44. Nc5 g5 45. Be6+ Kf4 46. Bg4 Re7 47. Ne6+ Kg3 48. Nxg5 Rg7 49. Ne4+ Kf4 50. Nc5 Rg6 51. Ne6+ Kg3 52. Ke5 Rh6 53. Ng5 Ra6 54. Ne4+ 1-0

[Event "Titled Tuesday intern op 01st Aug Early"]
[Site "Chess.com INT"]
[Date "2023.08.01"]
[Round "5"]
[White "Aizenberg, Benny"]
[Black "Hrebenshchykova, Yelyzaveta"]
[Result "1-0"]
[WhiteElo "2400"]
[BlackElo "2324"]
[PlyCount "65"]
[EventDate "2023.08.01"]
[EventType "swiss (blitz)"]
[EventRounds "11"]
[EventCountry "USA"]
[SourceTitle "EXT 2024"]
[Source "ChessBase"]
[SourceDate "2023.10.10"]
[SourceVersion "1"]
[SourceVersionDate "2023.10.10"]
[SourceQuality "1"]

1. c4 Nf6 2. Nc3 c5 3. Nf3 Nc6 4. g3 d5 5. cxd5 Nxd5 6. Bg2 Nc7 7. 0-0 e5 8. d3 Be7 9. Be3 0-0 10. Rc1 Ne6 11. Nd2 Bd7 12. Nd5 Rc8 13. a3 b6 14. f4 exf4 15. gxf4 Ned4 16. Bxd4 cxd4 17. f5 Bg5 18. f6 g6 19. Rxc6 Bxc6 20. Ne7+ Kh8 21. Nxc6 Be3+ 22. Kh1 Qd6 23. Nc4 Qe6 24. Nxa7 Rc5 25. Qb3 Rh5 26. Qxb6 Qg4 27. Qd6 Rg8 28. Ne5 Rxh2+ 29. Kxh2 Qh4+ 30. Bh3 Bf4+ 31. Rxf4 Qxf4+ 32. Kg2 Qg5+ 33. Bg4 1-0

[Event "Titled Tuesday intern op 01st Aug Early"]
[Site "Chess.com INT"]
[Date "2023.08.01"]
[Round "7"]
[White "Aizenberg, Benny"]
[Black "Santos Flores, Alberto Javier"]
[Result "1/2-1/2"]
[WhiteElo "2400"]
[BlackElo "2200"]
[PlyCount "130"]
[EventDate "2023.08.01"]
[EventType "swiss (blitz)"]
[EventRounds "11"]
[EventCountry "USA"]
[SourceTitle "EXT 2024"]
[Source "ChessBase"]
[SourceDate "2023.10.10"]
[SourceVersion "1"]
[SourceVersionDate "2023.10.10"]
[SourceQuality "1"]

1. b3 d5 2. Bb2 Bf5 3. e3 e6 4. f4 Nf6 5. Nf3 Nbd7 6. Be2 Be7 7. 0-0 0-0 8. d3 a5 9. Nd4 c5 10. Nxf5 exf5 11. Nd2 a4 12. Nf3 b5 13. Ne5 a3 14. Bc3 b4 15. Be1 Bd6 16. Nxd7 Qxd7 17. Bh4 Qe6 18. Qd2 Rfe8 19. Bf3 Qxe3+ 20. Qxe3 Rxe3 21. Bxf6 gxf6 22. Bxd5 Rae8 23. Rf2 Re1+ 24. Rxe1 Rxe1+ 25. Rf1 Rxf1+ 26. Kxf1 Bxf4 27. g3 Be5 28. Ke2 f4 29. g4 f5 30. g5 Kg7 31. Kf3 f6 32. gxf6+ Kxf6 33. Bg8 h6 34. h3 Kg5 35. Be6 Bd4 36. Bd7 Be3 37. Bc8 Kf6 38. Ke2 Ke5 39. c4 Kd4 40. Bxf5 Kc3 41. d4 Bxd4 42. Kd1 Be3 43. Be4 Kb2 44. Bf3 Kc3 45. Bg2 Kd4 46. Bf3 Kd3 47. Bg2 Bd4 48. Bh1 Ke3 49. Ke1 Bc3+ 50. Kf1 Kd2 51. Bc6 Kc2 52. Ke2 Kc1 53. Kd3 Bd4 54. Bf3 Be3 55. h4 Bd4 56. h5 Be3 57. Be2 Kb2 58. Bf3 Bd4 59. Be2 Bc3 60. Bf3 Kxa2 61. Kc2 Bd4 62. Be2 Ka1 63. Bf3 Ka2 64. Be2 Bc3 65. Bf3 Bd4 1/2-1/2

[Event "Titled Tuesday intern op 01st Aug Early"]
[Site "Chess.com INT"]
[Date "2023.08.01"]
[Round "3"]
[White "Aravindh, Chithambaram VR"]
[Black "Aizenberg, Benny"]
[Result "1-0"]
[WhiteElo "2645"]
[BlackElo "2400"]
[PlyCount "135"]
[EventDate "2023.08.01"]
[EventType "swiss (blitz)"]
[EventRounds "11"]
[EventCountry "USA"]
[SourceTitle "EXT 2024"]
[Source "ChessBase"]
[SourceDate "2023.10.10"]
[SourceVersion "1"]
[SourceVersionDate "2023.10.10"]
[SourceQuality "1"]

1. e4 c5 2. Nf3 e6 3. g3 Nc6 4. Bg2 d5 5. exd5 exd5 6. 0-0 Nf6 7. d4 Be7 8. dxc5 Bxc5 9. Bg5 0-0 10. Nbd2 h6 11. Bf4 Nh5 12. Be5 Re8 13. Nb3 Bxf2+ 14. Rxf2 Nxe5 15. Nxe5 Rxe5 16. c4 Nf6 17. cxd5 Qb6 18. h3 Ne4 19. Bxe4 Rxe4 20. Qf3 Qg6 21. Kh2 Re5 22. Rd1 Rf5 23. Qe3 Rxf2+ 24. Qxf2 Bd7 25. Nc5 Qb6 26. Rd2 Bb5 27. a4 Be8 28. d6 Rd8 29. Qd4 Bc6 30. b4 a6 31. g4 Kh7 32. Kg3 g6 33. h4 Be8 34. Qf6 Qxb4 35. Qxd8 Qxd2 36. Qxe8 Qxd6+ 37. Kf3 Qxc5 38. Qxf7+ Kh8 39. Qxb7 Qc3+ 40. Kg2 Qd2+ 41. Kf3 Qd1+ 42. Kf4 Qd4+ 43. Qe4 Qf2+ 44. Ke5 Qxh4 45. Qxg6 Qe1+ 46. Kd6 Qb4+ 47. Kc7 Qc5+ 48. Qc6 Qe7+ 49. Kb6 Qb4+ 50. Kxa6 Kg7 51. Qd7+ Kf6 52. a5 Qc4+ 53. Kb6 Qb4+ 54. Ka6 Qc4+ 55. Qb5 Qxg4 56. Qc6+ Kg5 57. Kb6 Qb4+ 58. Qb5+ Qxb5+ 59. Kxb5 h5 60. a6 h4 61. a7 h3 62. a8Q Kg4 63. Qh1 Kg3 64. Kc4 h2 65. Kd3 Kf2 66. Qxh2+ Kf1 67. Ke3 Ke1 68. Qh1# 1-0

[Event "EU-chT U18"]
[Site "Iasi"]
[Date "2023.07.29"]
[Round "6.1"]
[White "Magold, Filip"]
[Black "Aizenberg, Benny"]
[Result "1/2-1/2"]
[WhiteElo "2388"]
[BlackElo "2395"]
[PlyCount "60"]
[EventDate "2023.07.24"]
[EventType "team-swiss"]
[EventRounds "7"]
[EventCountry "ROU"]
[SourceTitle "CBM 215 Extra"]
[Source "ChessBase"]
[SourceDate "2023.09.30"]
[SourceVersion "1"]
[SourceVersionDate "2023.09.30"]
[SourceQuality "1"]
[WhiteTeam "Romania U18"]
[BlackTeam "Israel Blue U18"]
[WhiteTeamCountry "ROU"]
[BlackTeamCountry "ISR"]

1. c4 c5 2. Nc3 g6 3. Nf3 Bg7 4. e3 Nf6 5. d4 cxd4 6. exd4 d5 7. cxd5 Nxd5 8. Bc4 Nb6 9. Bb3 0-0 10. 0-0 Nc6 11. Be3 Bg4 12. h3 Bxf3 13. Qxf3 Na5 14. Rad1 e6 15. d5 Nxb3 16. dxe6 Qe7 17. axb3 Qxe6 18. Qxb7 Qxb3 19. Nd5 Qxb2 20. Nxb6 axb6 21. Qxb6 Qxb6 22. Bxb6 Rab8 23. Bd4 Rfd8 24. Bxg7 Rxd1 25. Rxd1 Kxg7 26. g3 h5 27. h4 Rb7 28. Kg2 Rb8 29. Kg1 Rb7 30. Kg2 Rb8 1/2-1/2

[Event "EU-chT U18"]
[Site "Iasi"]
[Date "2023.07.25"]
[Round "2.1"]
[White "Goroshkov, Maksym"]
[Black "Aizenberg, Benny"]
[Result "1/2-1/2"]
[WhiteElo "2257"]
[BlackElo "2395"]
[PlyCount "56"]
[EventDate "2023.07.24"]
[EventType "team-swiss"]
[EventRounds "7"]
[EventCountry "ROU"]
[SourceTitle "CBM 215 Extra"]
[Source "ChessBase"]
[SourceDate "2023.09.30"]
[SourceVersion "1"]
[SourceVersionDate "2023.09.30"]
[SourceQuality "1"]
[WhiteTeam "Slovenia U18"]
[BlackTeam "Israel Blue U18"]
[WhiteTeamCountry "SLO"]
[BlackTeamCountry "ISR"]

1. d4 Nf6 2. c4 e6 3. Nf3 c5 4. g3 cxd4 5. Nxd4 Nc6 6. Bg2 Bb4+ 7. Bd2 Be7 8. Bc3 0-0 9. 0-0 d5 10. Nd2 Nxd4 11. Bxd4 b6 12. cxd5 Nxd5 13. Ne4 Bb7 14. Rc1 Rc8 15. Nc3 Nxc3 16. Bxc3 Bxg2 17. Kxg2 Qc7 18. Qd4 Bf6 19. Qe4 Bxc3 20. Rxc3 Qd7 21. Rfc1 g6 22. Rxc8 Rxc8 23. Rxc8+ Qxc8 24. Qd4 Qc6+ 25. Kg1 Qc1+ 26. Kg2 Qc6+ 27. Kg1 Qc1+ 28. Kg2 Qc6+ 1/2-1/2